Profily preludu cesta k moci a jej aplikácia 1945 – 1989
Saved in:
| Main Author: | |
|---|---|
| Format: | Book |
| Language: | Slovak |
| Published: |
Bratislava
Wolters Kluwer SR
2021
|
| Edition: | 1. vydanie |
| Subjects: | |
| Tags: |
No Tags, Be the first to tag this record!
|
MARC
| LEADER | 00000nam a2200000 4500 | ||
|---|---|---|---|
| 001 | 0281985 | ||
| 005 | 20250124115512.1 | ||
| 020 | |a 978-80-571-0426-1 | ||
| 041 | 0 | |a slo | |
| 044 | |a SK | ||
| 245 | 1 | 0 | |a Profily preludu |b cesta k moci a jej aplikácia 1945 – 1989 |c Peter Mosný |
| 250 | |a 1. vydanie | ||
| 264 | 1 | |a Bratislava |b Wolters Kluwer SR |c 2021 | |
| 300 | |a 193 s. | ||
| 610 | 2 | 0 | |a moc politická |
| 610 | 2 | 0 | |a komunizmus |
| 610 | 2 | 0 | |a ideológia |
| 610 | 2 | 0 | |a demokracia |
| 610 | 2 | 0 | |a socializmus |
| 610 | 2 | 0 | |a diktatúra |
| 610 | 2 | 0 | |a spoločnosť socialistická |
| 610 | 2 | 0 | |a normalizácia |
| 610 | 2 | 0 | |a Slovensko |
| 610 | 2 | 0 | |a Česko |
| 610 | 2 | 0 | |a Československo |
| 100 | 1 | |a Mosný, Peter | |